Lo esencial de la Tecnología Anticonceptiva. (Registro nro. 719)
[ vista simple ]
| 000 -LEADER | |
|---|---|
| fixed length control field | 01502 am a2200409 a 4500 |
| 005 - FECHA ULTIMA MODIFICACION | |
| control field | 20240527124825.0 |
| 008 - CAMPO DE CONTROL (LIBRO) | |
| fixed length control field | 100913s1999||||xxua f |||| 001 0 spa d |
| 020 ## - INTERNATIONAL STANDARD BOOK NUMBER | |
| ISBN | 1885960018 |
| 041 ## - CODIGO DE IDIOMA | |
| Código de idioma del texto/pista de sonido o título separado | spa |
| 092 ## - SIGNATURA TOPOGRAFICA DEWEY LOCAL | |
| número de clasificación | 613.9 |
| libristica | 22 |
| sección | ESE |
| 245 #3 - TITULO PROPIAMENTE DICHO | |
| Título | Lo esencial de la Tecnología Anticonceptiva. |
| Subtítulo y Título paralelo | Manual para personal clínico / |
| Mención de responsabilidad y remanente de la transcripción de la portada | Robert A. Hatcher |
| 250 ## - MENCION DE EDICION | |
| Mención de edición | 1a ed. |
| 260 ## - PIE DE IMPRENTA | |
| Lugar de publicación, distribución, etc | Baltimore [USA]: |
| Nombre de la editorial, distribuidor, etc | Universidad Johns Hopkins; |
| Fecha de publicación | 1999. |
| 300 ## - DESCRIPCION FISICA | |
| Extension | 300 p. |
| 500 ## - NOTA GENERAL | |
| Nota general | Hatcher, R. A. et al. (1999). Lo esencial de la Tecnología Anticonceptiva. Manual para personal clínico. (1a ed.). Baltimore : Universidad Johns Hopkins. |
| 653 ## - TÉRMINO INDIZADO - PALABRAS CLAVES | |
| Palabra clave | Planificación familiar |
| 653 ## - TÉRMINO INDIZADO - PALABRAS CLAVES | |
| Palabra clave | Anticonceptivos orales combinados de dosis baja |
| 653 ## - TÉRMINO INDIZADO - PALABRAS CLAVES | |
| Palabra clave | Anticonceptivos orales sólo de progéstageno |
| 653 ## - TÉRMINO INDIZADO - PALABRAS CLAVES | |
| Palabra clave | Anticonceptivo inyectable DMPA |
| 653 ## - TÉRMINO INDIZADO - PALABRAS CLAVES | |
| Palabra clave | Implantes de Norplant |
| 653 ## - TÉRMINO INDIZADO - PALABRAS CLAVES | |
| Palabra clave | Estelización femenina |
| 653 ## - TÉRMINO INDIZADO - PALABRAS CLAVES | |
| Palabra clave | Vasectomía |
| 653 ## - TÉRMINO INDIZADO - PALABRAS CLAVES | |
| Palabra clave | Condones |
| 653 ## - TÉRMINO INDIZADO - PALABRAS CLAVES | |
| Palabra clave | Dispositivos intrauterinos (DIU) |
| 653 ## - TÉRMINO INDIZADO - PALABRAS CLAVES | |
| Palabra clave | Métodos vaginales |
| 653 ## - TÉRMINO INDIZADO - PALABRAS CLAVES | |
| Palabra clave | Métodos basados en el conocimiento de la fertilidad |
| 653 ## - TÉRMINO INDIZADO - PALABRAS CLAVES | |
| Palabra clave | Método de la lactancia-amenorrea (MELA) |
| 653 ## - TÉRMINO INDIZADO - PALABRAS CLAVES | |
| Palabra clave | Enfermedades de transmisión sexual. Incluyendo el VIH/SIDA |
| 700 1# - ENTRADAS SECUNDARIAS - NOMBRE PERSONAL | |
| Nombre personal | Hatcher, Robert A. |
| 9 (RLIN) | 636 |
| 700 1# - ENTRADAS SECUNDARIAS - NOMBRE PERSONAL | |
| Nombre personal | Rinehart, Ward. |
| 9 (RLIN) | 637 |
| 700 1# - ENTRADAS SECUNDARIAS - NOMBRE PERSONAL | |
| Nombre personal | Blackburn, Richard. |
| 9 (RLIN) | 638 |
| 700 1# - ENTRADAS SECUNDARIAS - NOMBRE PERSONAL | |
| Nombre personal | Geller, Judith S. |
| 9 (RLIN) | 639 |
| 700 1# - ENTRADAS SECUNDARIAS - NOMBRE PERSONAL | |
| Nombre personal | Shelton, James D. |
| 9 (RLIN) | 640 |
| 930 ## - NUMERO DE INVENTARIO | |
| Número de inventario | 538 |
| 930 ## - NUMERO DE INVENTARIO | |
| Número de inventario | 2155 |
| 942 ## - ADDED ENTRY ELEMENTS (KOHA) | |
| Source of classification or shelving scheme | Dewey Decimal Classification |
| Item type | Libros |
| Estado de retiro | Existencia | Fuente de clasificación | Estado general | No para prestamo | Colección | Ubicación permanente | ubicación actual | Sala de ubicación | Fecha de adquisición | Total Checkouts | Número de clasificación | Código de barras | Date last seen | Número de ejemplar | Price effective from | Koha tipo de elemento (item) | Public note | Date last borrowed |
|---|---|---|---|---|---|---|---|---|---|---|---|---|---|---|---|---|---|---|
| Dewey Decimal Classification | Reference | Biblioteca Medicina | Biblioteca Medicina | Referencia | 13/05/2011 | 613.9 22 ESE | 538 | 06/11/2014 | ej.1 | 05/09/2011 | Reference | LIBRO DE CONSULTA | ||||||
| Biblioteca Medicina | Biblioteca Medicina | Circulación | 13/05/2011 | 5 | 613.9 22 ESE | 2155 | 24/05/2024 | ej.2 | 13/05/2011 | Libros | 24/05/2024 |